000 00679nam a2200205Ii 4500
003 JO-AjNU
008 230605s9999||||xx |||||||||||||| ||und||
040 _aJO-AjNU
_bara
_erda
_cJO-AjNU
041 _aara
050 1 4 _aDS37.8.A27 1979
100 3 _aأبو خليل، شوقي,
_eauthor
_935499
245 0 0 _aعوامل النصر والهزيمة عبر تاريخنا الإسلامي
250 _aط1
264 3 1 _aدمشق: دار الفكر ، 1979
300 _a160ص
336 _atext
_btxt
_2rdacontent
337 _aunmediated
_bn
_2rdamedia
338 _avolume
_bnc
_2rdacarrier
650 4 _aالاسلام- تاريخ- الجهاد في الاسلام
_935500
999 _aA14663
_c18231
_d18231